Herman Melville (Record no. 2392)

MARC details
000 -LEADER
fixed length control field 00509 a2200169 4500
001 - CONTROL NUMBER
control field 068741
003 - CONTROL NUMBER IDENTIFIER
control field OSt
005 - DATE AND TIME OF LATEST TRANSACTION
control field 20220312155503.0
008 - FIXED-LENGTH DATA ELEMENTS--GENERAL INFORMATION
fixed length control field
082 ## - DEWEY DECIMAL CLASSIFICATION NUMBER
Classification number 891.912
Item number B62B
245 1# - TITLE STATEMENT
Title Herman Melville
Statement of responsibility, etc edited by Harold Bloom
260 ## - PUBLICATION, DISTRIBUTION, ETC. (IMPRINT)
Place of publication, distribution, etc Philadelphia
Name of publisher, distributor, etc Chelsea House
Date of publication, distribution, etc 2006
300 ## - PHYSICAL DESCRIPTION
Extent 165p.
690 ## - LOCAL SUBJECT ADDED ENTRY--TOPICAL TERM (OCLC, RLIN)
Topical term or geographic name as entry element Melville, Herman, 1819-1891; Short story; Short story--Examinations; Examinations; American literature
700 ## - ADDED ENTRY--PERSONAL NAME
Personal name Bloom, Harold
Relator term Editor
942 ## - ADDED ENTRY ELEMENTS (KOHA)
Source of classification or shelving scheme Dewey Decimal Classification
Koha item type Books
Holdings
Withdrawn status Lost status Source of classification or shelving scheme Damaged status Not for loan Collection code Home library Current library Date acquired Source of acquisition Cost, normal purchase price Total Checkouts Full call number Barcode Date last seen Price effective from Koha item type
    Dewey Decimal Classification     General Text Book Central University Of Rajasthan Central University Of Rajasthan 07/03/2012 ENG 1597.05   891.912 B62B 3028 21/11/2024 02/09/2020 Books